Statistics for Country Chain Quiz

Click here to take the quiz!

General Stats

  • This quiz has been taken 1,380 times
    (669 since last reset)
  • The average score is 11 of 14

Answer Stats

HintAnswer% Correct
Largest country in the world by areaRussia
99%
Country between Spain and FranceAndorra
96%
Himalayan countryNepal
95%
Scandinavian countryNorway
95%
Only country beginning with this letterYemen
92%
Land down underAustralia
88%
Tiny country between Austria and SwitzerlandLiechtenstein
87%
USA invaded this Middle-East country in 2001Afghanistan
78%
Country with an erratic leaderNorth Korea
73%
Small country that starts with an A but doesn't end with an AAzerbaijan
72%
Next to #3Armenia
65%
Pissed off Austria - Hungary starting WWISerbia
57%
Sally sells SEA SHELLS by the sea shoreSeychelles
57%
Not Never Land the ___________Netherlands
46%

Score Distribution

Percentile by Number Answered

Percent of People with Each Score

Your Score History

You have not taken this quiz since the last reset